000 00508nam a2200169 i 4500
001 bg
100 1 _aFÖLLMER, Johannes
245 0 _aKopier und Vervielfältigungsverfahren in der Informationen und Dokumentationen /
_cJohannes Fölmer, Karl Bartusch.
260 _aLeipzig :
_bVEB Bibliographisches Instytut,
_c1967.
300 _as. 101 :
_bilustr.
700 1 _aBARTUSCH, Karl
040 _cBPK
041 _apol
080 _a778.1:651.925
942 _cKS
008 s pl f |000 0 pol
999 _c8366
_d8366
856 _uhttp://koha.tu.koszalin.pl/cgi-bin/koha/opac-detail.pl?biblionumber=8366
_yKatalog online BPK